|
|
|
|
| LEADER |
02140njm a2200433 a 4500 |
| 001 |
001199329 |
| 003 |
CZ BrMZK |
| 005 |
20120418140816.0 |
| 007 |
sd fsngnnmmned |
| 008 |
120308p2010 xr sgn g cze d |
| 015 |
|
|
|a cnb002344962
|
| 024 |
1 |
|
|a 099925615925
|
| 028 |
0 |
1 |
|a SU 6159-2
|b Supraphon
|
| 040 |
|
|
|a BOA001
|b cze
|
| 072 |
|
7 |
|a 784
|x Vokální hudba
|2 Konspekt
|9 9
|
| 080 |
|
|
|a 784.4.088
|2 MRF
|
| 080 |
|
|
|a 784.4.088(=162.3)
|2 MRF
|
| 080 |
|
|
|a 784.4.088(437.32)
|2 MRF
|
| 080 |
|
|
|a (086.76)
|2 MRF
|
| 110 |
2 |
|
|a Musica Bohemica (hudební skupina)
|7 kn20010710256
|
| 245 |
1 |
0 |
|a Hajej, můj andílku
|h [zvukový záznam] :
|b ukolébavky pro nejmenší : [lidové písně z Čech a Moravy]
|
| 260 |
|
|
|a Praha :
|b Supraphon,
|c p2012
|
| 300 |
|
|
|a 1 zvuková deska (51:41)
|b digital ;
|c 12 cm
|
| 306 |
|
|
|a 005141
|
| 500 |
|
|
|a Aranžmá Jaroslav Krček
|
| 500 |
|
|
|a Kompaktní deska (ADD)
|
| 505 |
0 |
0 |
|t Hajej, můj andílku --
|t Děťátko malý --
|t Spi, synáčku, spi --
|t Hájo, hájedlo --
|t Husni, husni, díťátko --
|t Sluníčko zašlo --
|t Hajej, nynej, Pepíčku malej --
|t Spala bych, spala, ale ne sama --
|t Spi, Janíčku, spi --
|t Zahrajte ně ztichúčka --
|t Usnula, usnula --
|t Huli, beli, usni --
|t Halí, dítě --
|t Spala bych, spala --
|t Spi, mé milé poupě --
|t Černé oči, jděte spát
|
| 511 |
0 |
|
|a Hraje Musica Bohemica, dirigent Jaroslav Krček ; zpívá Jarmila Miháliková a další
|
| 518 |
|
|
|a Nahráno ve Studiu Domovina 1990 (1-15) a 2011 (16); původní fonogramy p1992, p1995 Supraphon, p2011 Spolek přátel komorního souboru Musica Bohemica Praha
|
| 650 |
0 |
7 |
|a ukolébavky, úpravy
|7 ph317348
|2 czenas
|
| 650 |
0 |
7 |
|a české lidové písně, úpravy
|7 ph320432
|2 czenas
|
| 650 |
0 |
7 |
|a moravské lidové písně, úpravy
|7 ph312548
|2 czenas
|
| 655 |
|
7 |
|a kompaktní desky
|7 fd201991
|2 czenas
|
| 700 |
1 |
|
|a Miháliková, Jarmila
|7 jx20050310004
|4 sng
|
| 700 |
1 |
|
|a Krček, Jaroslav,
|d 1939-
|7 jn19990209419
|4 arr
|4 cnd
|
| 910 |
2 |
|
|a BOA001
|b CDR-1281.514
|
| 990 |
|
|
|a AV
|
| 991 |
|
|
|b 201204
|
| 996 |
6 |
|
|b 2610506469
|c CDR-1281.514
|l MZK
|r Sklad / do 24 hodin
|n 0
|p p.v.
|w 001236931
|u 000010
|a 1
|e BOA001
|j MZK50
|s P
|